Kitab ad-Durar al-manṯūra bayān zubd al-ʿulūm al-mašhūra

Saved in:  
Bibliographic Details
Main Author: Šaʿrānī, ʿAbd al-Wahhāb aš- (Author)
Contributors: Ḥamdān, ʿAbd al-Ḥamīd Ṣāliḥ (Other)
Format: Print Book
Language:Arabic
Subito Delivery Service: Order now.
Check availability: HBZ Gateway
WorldCat: WorldCat
Interlibrary Loan:Interlibrary Loan for the Fachinformationsdienste (Specialized Information Services in Germany)
Published: Bairūt Dār Ibn Zaidūn [u.a.] [ca. 1986]
In:Year: 1986
Edition:Ṭabʿa 1
Sammlungen:

MARC

LEADER 00000cam a2200000 c 4500
001 510214932
003 DE-627
005 20240923144826.0
007 tu
008 060407s1986 le ||||| 00| ||ara c
035 |a (DE-627)510214932 
035 |a (DE-576)9510214930 
035 |a (DE-599)GBV510214932 
035 |a (OCoLC)254922057 
040 |a DE-627  |b ger  |c DE-627  |e rakwb 
041 |a ara 
044 |c XB-LB 
100 1 |a Šaʿrānī, ʿAbd al-Wahhāb aš-  |4 aut 
245 1 0 |a Kitab ad-Durar al-manṯūra bayān zubd al-ʿulūm al-mašhūra  |c taʾlīf ...ʿAbd al-Wahhāb aš-Šaʿrānī. Ḥaqqaqahā wa ...ʿAbd al-Ḥamīd Ṣāliḥ Ḥamdān 
250 |a Ṭabʿa 1 
264 1 |a Bairūt  |b Dār Ibn Zaidūn [u.a.]  |c [ca. 1986] 
300 |a 66 S 
336 |a Text  |b txt  |2 rdacontent 
337 |a ohne Hilfsmittel zu benutzen  |b n  |2 rdamedia 
338 |a Band  |b nc  |2 rdacarrier 
700 1 |a Ḥamdān, ʿAbd al-Ḥamīd Ṣāliḥ  |4 oth 
935 |a FBGO  |a mteo 
951 |a BO 
ELC |b 1 
LOK |0 000 xxxxxcx a22 zn 4500 
LOK |0 001 4582595200 
LOK |0 003 DE-627 
LOK |0 004 510214932 
LOK |0 005 20250127140509 
LOK |0 008 240923||||||||||||||||ger||||||| 
LOK |0 040   |a DE-Tue135  |c DE-627  |d DE-Tue135 
LOK |0 092   |o n 
LOK |0 852   |a DE-Tue135 
LOK |0 852 1  |9 00 
LOK |0 866   |x SPQUE#Forschungsbibliothek Gotha#SPSAM#Bestand Theologie (bis 2024-03) 
LOK |0 935   |a FBGO  |a goth 
LOK |0 939   |a 23-09-24  |b l01 
ORI |a SA-MARC-ixtheoa001.raw